Ptáci : ilustrovaná knížka pro děti předškolního věku /

Main Author: Grabiański, Janusz, 1929-1976
Language: Czech
Published: Warszawa : Wspólna sprawa, [1979?]
Series: Vypravuj sám ...
Physical Description: 16 s.
Book
Saved in:
LEADER 00768nam a22002291a 4500
001 000696416
003 CZ BrMZK
005 20031111063914.0
008 031111q19791980pl f cze d
040 |a BOA001  |b cze  |c BOA001 
041 1 |a cze  |h pol 
100 1 |a Grabiański, Janusz,  |d 1929-1976  |7 xx0045038  |4 ill 
245 1 0 |a Ptáci :  |b ilustrovaná knížka pro děti předškolního věku /  |c ilustr. Janusz Grabiański 
260 |a Warszawa :  |b Wspólna sprawa,  |c [1979?] 
300 |a 16 s. 
490 1 |a Vypravuj sám ... 
500 |a Přeloženo z polštiny 
765 0 |t Ptaki  |9 Česky 
830 0 |a Vypravuj sám ... 
910 |a BOA001  |b PK-A-0017.422 
990 |a BK 
996 7 |b 3119684048  |c PK-A-0017.422  |l MZK  |r Sklad / do 1 hodiny  |n 1  |w 000696416  |u 000010  |a 1  |e BOA001  |j MZK50  |s A